Stati con il maggior numero di parlanti Olandese - Statistics

Statistiche generali
  • Questo quiz è stato fatto 14 volte
  • Il punteggio medio è 9 su 10
Statistiche sulle risposte
Numero parlanti Continente Nazione % Corretto
15 766 786 Europa Paesi Bassi
100%
6 064 866 Europa Belgio
93%
99 020 America del Nord Canada
93%
96 908 Europa Francia
93%
93 871 Europa Germania
93%
23 860 Oceania Nuova Zelanda
93%
30 407 Europa Regno Unito
93%
183 885 America del Nord Stati Uniti
93%
400 000 America del Sud Suriname
86%
22 167 Europa Svizzera
64%
Nessun quiz corrispondente trovato
Distribuzione punteggi
Percentuale di utenti per punteggio
Percentile per numero di risposta
I tuoi punteggi nel tempo
Non hai fatto questo quiz